000 01059nam0a22002651 4500
001 v19\rc\1973972
005 20260406203706.0
035 _a(NLR Aleph) 005058130
090 _a6967059
_c6967059
100 _a20080623d1914 |||y0rusy50 ca
101 0 _arus
102 _aRU
105 _ay z |||||
200 1 _aУстав Уездного отделения Киевского Св. Владимирского епархиального братства
_e[Утв. 7 янв. 1914 г.]
210 _aЧеркассы
_d[1914]
215 _a15 с.
309 _aБез тит. л. и обл.
532 1 2 _aУстав Уездного отделения Киевского Свято-Владимирского епархиального братства
710 0 2 _aКиевское Свято-Владимирское епархиальное братство
_3RU\NLR\AUTH\889963953
_9424148
801 0 _aRU
_bNLR
_gpsbo
801 0 _aRU
_bRuMoRGB
_2psbo
801 1 _aRU
_bProSoft-M
_2rusmarc
852 _aNLR
_j37.56.9.274
942 _cBOOK
980 _aNB